000157373 001__ 157373 000157373 005__ 20250520133735.0 000157373 037__ $$aGDOC-2024-26812 000157373 041__ $$aspa 000157373 041__ $$aeng 000157373 100__ $$0(orcid)0000-0003-0145-3020$$1302873$$aNuria Garrido, Pérez 000157373 24500 $$926812$$aBiología 000157373 24200 $$926812$$aBiology 000157373 260__ $$aZaragoza$$bUniversidad de Zaragoza$$c2024-2025 000157373 521__ $$9115$$aGrado en Óptica y Optometría$$bDegree in Optics and Optometry 000157373 540__ $$aby-nc-sa$$bCreative Commons$$c3.0$$uhttp://creativecommons.org/licenses/by-nc-sa/3.0/ 000157373 700__ $$0(orcid)0000-0002-3587-6622$$1390236$$aPatricia Meade, Huerta 000157373 700__ $$0(orcid)0000-0002-9742-1463$$1342620$$aCristina Pilar Seral, García 000157373 830__ $$9297 000157373 8564_ $$s78170$$uhttps://zaguan.unizar.es/record/157373/files/guia-26812-es.pdf$$yGuía (idioma español) 000157373 8564_ $$s7869$$uhttps://zaguan.unizar.es/record/157373/files/guia-26812-en.pdf$$yGuide (english) 000157373 970__ $$aGDOC-2024-26812 000157373 980__ $$aGDOC$$bSciences$$bCiencias$$c100